| 000 | 00440nam a22001697a 4500 | ||
|---|---|---|---|
| 999 |
_c524087 _d524087 |
||
| 003 | NUST | ||
| 038 | _awaseem | ||
| 082 |
_a891.421 _bYOU |
||
| 100 |
_aYounas Ahqar _914911 |
||
| 245 |
_aWahk Udari Lagay / _cYounas Ahqar |
||
| 260 |
_aLahore : _bPunjabi Foundations, _c2009. |
||
| 300 | _a160 p. ; | ||
| 500 | _aHardcover. | ||
| 880 |
_6100-02\r _aیونس احقر |
||
| 880 |
_6245-02\r _aوکھ اُڈاری لگے / |
||
| 942 |
_2ddc _cBK |
||